Deutsche Inseln - Statistiken

Allgemein
  • Dieses Quiz wurde 576 mal gespielt
  • Das Durchschnittsergebnis liegt bei 10 aus 20
Antwortstatistiken
Lage Fläche (km²) Antwort % Korrekt
Nordsee 99 Sylt
94%
Ostsee 926 Rügen
91%
Nordsee 31 Borkum
68%
Ostsee 185 Fehmarn
67%
Nordsee 26 Norderney
66%
Ostsee 373 Usedom
65%
Nordsee 20 Langeoog
62%
Nordsee 20 Amrum
61%
Nordsee 83 Föhr
61%
Nordsee 18 Spiekeroog
57%
Nordsee 16 Juist
53%
Nordsee 8 Wangerooge
52%
Nordsee 7 Baltrum
50%
Ostsee 17 Hiddensee
35%
Nordsee 37 Pellworm
35%
Ostsee 34 Poel
27%
Nordsee 6 Hooge
19%
Nordsee 12 Langeneß
14%
Ostsee 20 Ummanz
11%
Nordsee 9 Norderoogsand
4%
Keine übereinstimmenden Quizze gefunden
Verteilung der Resultate
Anzahl Personen mit jedem Resultat
Perzentil nach korrekt beantworteten Fragen
Ihre Resultats-Entwicklung
Sie haben dieses Quiz noch nicht gespielt